000 00329nam a2200133Ia 4500
008 151213s9999 xx 000 0 und d
100 _aG.Durrant
245 _aWilliam Wards Warth
_cG.Durrant
260 _aCambridge
_bCombridge University
_c1969
300 _a1896 p.
650 _aEnglish
700 _aG.Durrant
999 _c1401
_d1401